Tiempo mío (Record no. 149478)

MARC details
000 -LEADER
campo de control de longitud fija 00545nam a2200193 i 4500
001 - NÚMERO DE CONTROL
campo de control 149478
003 - IDENTIFICADOR DE NÚMERO DE CONTROL
campo de control ES-MaACL
005 - FECHA Y HORA DE LA ÚLTIMA TRANSACCIÓN
campo de control 20251005063117.0
007 - CAMPO FIJO DE DESCRIPCIÓN FÍSICA--INFORMACIÓN GENERAL
campo de control de longitud fija t|
008 - DATOS DE LONGITUD FIJA--INFORMACIÓN GENERAL
campo de control de longitud fija 071022s1952 sp ||||1| spa d
100 1# - ENTRADA PRINCIPAL--NOMBRE DE PERSONA
Nombre de persona Vázquez, Pura,
Fechas asociadas al nombre 1918-2006
9 (RLIN) 113384
245 10 - MENCIÓN DEL TÍTULO
Título Tiempo mío
Resto del título : (poesía) /
Mención de responsabilidad, etc. Pura Vázquez.
260 ## - PUBLICACIÓN, DISTRIBUCIÓN, ETC.
Lugar de publicación, distribución, etc. Madrid :
Nombre del editor, distribuidor, etc. [s.n.,
Fecha de publicación, distribución, etc. 1952] (
Fabricante Imp. Radio)
300 ## - DESCRIPCIÓN FÍSICA
Extensión 83 p. ;
Dimensiones 17 cm.
490 1# - MENCIÓN DE SERIE
Mención de serie Palma ;
Designación de volumen o secuencia 4
830 0# - PUNTO DE ACCESO ADICIONAL DE SERIE-TÍTULO UNIFORME
Título uniforme Palma ;
Designación de volumen o secuencia 4
9 (RLIN) 187563
852 ## - LOCALIZACIÓN
Ubicación ES-MaACL
Número de control de estantería 1947-F-6
Sublocalización o colección R.33011
Holdings
Estatus retirado Estado de pérdida Estado de daño No para préstamo Colección Biblioteca de origen Biblioteca actual Ubicación en estantería Fecha de adquisición Fuente de adquisición Total de préstamos Signatura topográfica completa Código de barras Visto por última vez Precio de reemplazo Tipo de ítem Koha
        Colección de folletos Biblioteca del Ateneo de Madrid Biblioteca del Ateneo de Madrid Depósito folletos 17/01/2008     1947-F-6 1155985 23/02/2023 23/02/2023 Folleto